|
|
|
|
| LEADER |
01066nam a22002657a 4500 |
| 001 |
42412 |
| 003 |
BD-DhAAL |
| 008 |
240314t2002 nyu||||| |||| 00| 0 eng d |
| 020 |
|
|
|a 00228007946
|
| 040 |
|
|
|a BD-DhAAL
|c BD-DhAAL
|
| 082 |
|
|
|a 531.11
|2 23
|
| 245 |
|
|
|a Science :
|b motion, work, and machines /
|c Richard Moyer ... [et al.].
|
| 264 |
|
|
|a New York :
|b McGraw-Hill,
|c c2002.
|
| 300 |
|
|
|a various paging :
|b illustrations ;
|c 28 cm.
|
| 500 |
|
|
|a Includes index.
|
| 541 |
|
|
|a Donation from the Asia Foundation
|e 42412, 42413
|
| 650 |
|
|
|a Motion.
|
| 650 |
|
|
|a Physics.
|
| 650 |
|
|
|a Science.
|
| 700 |
|
|
|a Moyer, Richard.
|9 55346
|
| 852 |
|
|
|a Ayesha Abed Library
|
| 942 |
|
|
|2 ddc
|c BK
|
| 999 |
|
|
|c 46465
|d 46465
|
| 952 |
|
|
|0 0
|1 0
|2 ddc
|4 0
|6 531_110000000000000_SCI
|7 0
|9 75264
|a SCL
|b SCL
|c GEN
|d 2024-03-14
|e Donation from the Asia Foundation
|l 0
|o 531.11 SCI
|p 3020042412
|r 2024-03-14
|t 1
|w 2024-03-14
|y BK
|
| 952 |
|
|
|0 0
|1 0
|2 ddc
|4 0
|6 531_110000000000000_SCI
|7 0
|9 75265
|a SCL
|b SCL
|c GEN
|d 2024-03-14
|e Donation from the Asia Foundation
|l 0
|o 531.11 SCI
|p 3020042413
|r 2024-03-14
|t 2
|w 2024-03-14
|y BK
|